000 02024nam a22003497a 4500
001 421
003 OSt
005 20260129075937.0
008 240823b bl ||||| |||| 00| 0 por d
020 _a9788598078908
040 _bpor
041 _heng
_apor
082 _aIJ 028.5
_bR585u
100 1 _aRiordan, Rick,
_d1964-
_9745
240 _aThe Last Olimpian
245 _aO último Olimpiano /
_cRiordan, Rick ; tradução de Raquel Zampil
260 _aRio de Janeiro:
_bIntrínseca,
_c2010.
300 _a383 p. ;
490 1 _aPercy Jackson e Os olimpianos
_vvol. 05
500 _aTradução de: The last Olympian
520 _aO aguardado desfecho da série que já ultrapassou a marca de 500 mil exemplares vendidos e é destaque nas principais listas de best-sellers do país. Os meios-sangues passaram o ano inteiro preparando-se para a batalha contra os titãs, e sabem que as chances de vitória são pequenas. O exército de Cronos está mais poderoso que nunca, e cada novo deus ou semideus que se une à causa confere mais força ao vingativo Senhor do Tempo. Enquanto os olimpianos se ocupam de conter a fúria do monstro Tifão, Cronos avança em direção à cidade de Nova York, onde o Monte Olimpo está precariamente vigiado. Agora, apenas Percy Jackson e seu exército de heróis podem detê-lo. Nesse quinto livro da série, o combate que pode acarretar o fim da civilização ocidental ganha as ruas de Manhattan, e Percy tem a terrível sensação de que sua luta, na verdade, é contra o próprio destino. Revelada a sinistra profecia acerca do décimo sexto aniversário do herói, ele enfim encontra seu verdadeiro caminho.
650 0 _aLiteratura Americana
_984
650 0 _aInfantojuvenil
_9200
650 0 _aLendas
_9611
650 0 _aMitologia grega.
_9610
650 0 _aLiteratura fantástica.
655 0 _aRomance
_923
655 0 _aFicção
_922
700 _aZampil, Raquel
_eTRADUTORA
_9898
830 _aPercy Jackson e Os olimpianos
_9910
_vvol. 05
942 _2ddc
_cBK
999 _c421
_d421